Soil and climate

Uloženo v:
Podrobná bibliografie
Hlavní autoři: Lal, Rattan (Autor), Stewart, B. A (Autor)
Médium: Kniha
Jazyk:angličtina
Vydáno: Boca Ratón CRC Press 2019
Vydání:1a. ed
Edice:Advances in Soil Science
Témata:
Tagy: Přidat tag
Žádné tagy, Buďte první, kdo vytvoří štítek k tomuto záznamu!

MARC

LEADER 00000cam a2200000 a 4500
001 UCC9235
003 CL-VaPUC
008 190914e20190000us |||||||||||||||||eng|d
020 |a 9781498783651 
082 0 4 |a 631.4  |b LAL  |2 21 
100 |a Lal, Rattan  |e author  |9 604191 
700 0 |a Stewart, B. A  |e author  |9 604192 
245 1 0 |a Soil and climate 
250 |a 1a. ed 
300 |a 434 p 
942 |c BK 
945 |d 20190914 23:07:00  |a dcastane 
260 |a Boca Ratón  |b CRC Press  |c 2019 
650 0 |a Suelos  |9 260322 
650 7 |a EDAFOCLIMATICA  |2 CL-VaPUC  |9 604193 
650 7 |a EDAFOLOGIA  |2 CL-VaPUC  |9 604194 
583 |a last modification  |c 20190914 23:07:00  |k Rodrigo Vera 
490 0 |a Advances in Soil Science 
999 |c 375428  |d 375426 
952 |0 0  |1 0  |3 erd  |4 0  |6 631_400000000000000_LAL_2019  |7 0  |8 A  |9 494389  |a BIBAGR  |b BIBAGR  |i 5600286  |l 1  |o 631.4 LAL 2019  |p 5600286  |r 2025-01-20  |s 2023-11-14  |w 2019-11-24  |y BK  |z Catalogado en:20190914  |k AGR